Economía de la empresa agroalimentaria
Saved in:
| Main Authors: | , |
|---|---|
| Format: | Bog |
| Sprog: | spansk |
| Udgivet: |
Madrid
Mundi-Prensa
2004
|
| Udgivelse: | 2a. ed |
| Fag: | |
| Tags: |
Tilføj Tag
Ingen Tags, Vær først til at tagge denne postø!
|
MARC
| LEADER | 00000nam a2200000 a 4500 | ||
|---|---|---|---|
| 001 | UCK0958 | ||
| 003 | CL-VaPUC | ||
| 008 | 041029e20040000SP |||||||||||||||||spa|d | ||
| 020 | |a 8484761932 | ||
| 082 | 0 | 4 | |a 338.13 |b ALO |2 21 |
| 100 | 0 | |a Alonso Sebastián, Ramón |e author |9 488757 | |
| 700 | 0 | |a Serrano Bermejo, Arturo |e author |9 488758 | |
| 245 | 1 | 0 | |a Economía de la empresa agroalimentaria |
| 250 | |a 2a. ed | ||
| 300 | |a 383 p | ||
| 942 | |c BK | ||
| 945 | |d 20041029 00:00:00 |a cmena | ||
| 260 | |a Madrid |b Mundi-Prensa |c 2004 | ||
| 650 | 0 | |a Industria agrícola |9 264819 | |
| 650 | 0 | |a Industria alimentaria |9 331702 | |
| 650 | 0 | |a Aspectos económicos |9 255165 | |
| 650 | 7 | |a ECONOMIA INDUSTRIAL |2 CL-VaPUC |9 315314 | |
| 650 | 0 | |a Administración financiera |9 261146 | |
| 583 | |a last modification |c 20041029 00:00:00 |k Rodrigo Vera | ||
| 999 | |c 311105 |d 311103 | ||
| 952 | |0 0 |1 0 |4 0 |6 338_130000000000000_ALO_2004 |7 0 |8 A |9 380342 |a BIBAGR |b BIBAGR |d 2019-11-21 |i 4044339 |o 338.13 ALO 2004 |p 4044339 |r 2025-01-20 |w 2019-11-21 |y BK |k AGR | ||
| 952 | |0 0 |1 0 |4 0 |6 338_130000000000000_ALO_2004 |7 0 |8 A |9 380343 |a BIBAGR |b BIBAGR |d 2019-11-21 |i 4044320 |o 338.13 ALO 2004 |p 4044320 |r 2025-01-20 |w 2019-11-21 |y BK |k AGR | ||
| 952 | |0 0 |1 0 |4 0 |6 338_130000000000000_ALO_2004 |7 0 |8 A |9 380344 |a BIBAGR |b BIBAGR |d 2019-11-21 |i 4044312 |o 338.13 ALO 2004 |p 4044312 |r 2025-01-20 |w 2019-11-21 |y BK |k AGR | ||